Star Wars: Episode IX The Rise of Skywalker A-Z - Statistics

General Stats
  • This quiz has been taken 27 times
    26 since last reset
  • The average score is 9 of 26
Answer Stats
Letter Hint Answer % Correct
H Kylo Ren converses with a memory of his late father, who is his father? Han Solo
91%
E A dark desert planet located within the Unknown Regions occupied by the Darth Sidious and the Sith Eternal Exegol
82%
Q The voice of this Jedi Master can be heard during Rey's confrontation with Darth Sidious Qui-Gon Jinn
77%
Y The voice of this Jedi Master can be heard during Rey's confrontation with Darth Sidious Yoda
77%
B Member of the Anzellan species who erased C-3PO's memory Babu Frik
64%
K Enclave of masked dark side warriors that adhered to the ways of the Ren Knights of Ren
64%
W Pyramidal device created by the Sith to guide the way to Exegol Sith {Wayfinder}
64%
D A rare type of Force-bond that paired two Force-sensitive beings, making them one in the Force, Rey and Kylo Ren are one Dyad
59%
F The successor to the First Order Final Order
59%
S Elite stormtroopers in red armor Sith Trooper
50%
J Former First Order stormtrooper who lived on Kef Bir after deserting Jannah
45%
P A desert planet, homeworld of the Aki-Aki species Pasaana
41%
Z The leader of the Spice Runners of Kijimi Zorii Bliss
41%
A A jungle moon where the Resistance established a base Ajan Kloss
32%
L The voice of this Jedi Master can be heard during Rey's confrontation with Darth Sidious Luminara Unduli
27%
O A knife owned by a Sith cultist and assassin {Ochi}'s Blade
27%
U Member of the enclave of masked dark side warriors Ushar
9%
X Model of Star Destroyer used by the Sith Eternal, it is armed with an axial superlaser capable of destroying entire worlds {Xyston}-class Star Destroyer
9%
C Seossra Thwisp, who worked as a spy for the Resistance, is a member of this species Caphex
5%
M The Millennium Falcon traveled through this area with a giant creature when hyperspace skipping Megafauna Chasm
5%
N Modified Oubliette-class transport used by the masked dark side warriors Night Buzzard
5%
R A safe passage through the Galactic Barrier, a chaotic web of anomalies that prevented travel into the galaxy's Unknown Regions Red Honeycomb Zone
5%
V A large, desert serpent Vexis
5%
G Tommet Sozach was in Kijimi City and is a member of this species Ginmid
0%
I The Millennium Falcon traveled through this city when hyperspace skipping Ivexia
0%
T Klaud, a Resistance mechanic, is a member of this species Trodatome
0%
No matching quizzes found
Score Distribution
Percent of People with Each Score
Percentile by Number Answered
Your Score History
You have not taken this quiz since the last reset